00351 a2200109 450000500170000002000170001708200160003410000280005024500860007826000470016430000300021120250607122335.0 a9966 40505 4 aREF 220 ARC aAfrica Regional Centre. aMaandiko Matakatifu ya Mungu Yaitwayo Biblia : Yaani Agano la Kale na Agano Jipya aDodoma,bBible Society of Tanzania,c1993. aviii, 241p.: ill.;c23cm.